000
00320 a2200109 4500
001
ART_30535
005
20260410162002.0
008
260409a
245
1
0
_a
El principio de igualdad marginal
100
1
_a
Casuccio, Mario César
773
0
_t
Foro económico
_g
- Año II, Nº 2 (mar. 1996)
_w
REV30369
999
_c
31406
_d
31406